[Event "EU-ch U14 rapid"]
[Site "Terme Catez"]
[Date "2023.09.28"]
[Round "2"]
[White "Sosic, Zvan"]
[Black "Kozlovic, Jernej"]
[Result "0-1"]
[WhiteElo "1666"]
[BlackElo "1975"]
[PlyCount "70"]
[EventDate "2023.09.28"]
[EventType "swiss (rapid)"]
[EventRounds "9"]
[EventCountry "SLO"]
[SourceTitle "EXT 2024"]
[Source "ChessBase"]
[SourceDate "2023.10.10"]
[SourceVersion "1"]
[SourceVersionDate "2023.10.10"]
[SourceQuality "1"]

1. e4 c6 2. d4 d5 3. exd5 cxd5 4. Bd3 Nc6 5. c3 Nf6 6. Bf4 Bg4 7. Qb3 Qd7 8. Nd2 e6 9. Ngf3 Bd6 10. Bxd6 Qxd6 11. 0-0 0-0 12. Rae1 Bxf3 13. Nxf3 Qc7 14. Ne5 Nxe5 15. dxe5 Nd7 16. Qc2 g6 17. f4 Rac8 18. Rf3 b5 19. Rg3 Kh8 20. h4 b4 21. h5 bxc3 22. hxg6 fxg6 23. Bxg6 cxb2 24. Qe2 Rg8 25. Qh5 Nf8 26. f5 exf5 27. Qxf5 Rxg6 28. Rxg6 Nxg6 29. e6 Qc5+ 30. Kh1 Rf8 31. Qg5 Qf2 32. Rb1 Qc2 33. e7 Qxb1+ 34. Kh2 Nxe7 35. Qxe7 Qf5 0-1

[Event "Portoroz op 14th"]
[Site "Portoroz"]
[Date "2023.07.16"]
[Round "3"]
[White "Sosic, Zvan"]
[Black "Sever, Gasper"]
[Result "1-0"]
[WhiteElo "1787"]
[BlackElo "1327"]
[PlyCount "57"]
[EventDate "2023.07.15"]
[EventType "swiss"]
[EventRounds "9"]
[EventCountry "SLO"]
[SourceTitle "CBM 215 Extra"]
[Source "ChessBase"]
[SourceDate "2023.09.30"]
[SourceVersion "1"]
[SourceVersionDate "2023.09.30"]
[SourceQuality "1"]

1. e4 e5 2. Nf3 Nc6 3. Bc4 Nf6 4. d3 Be7 5. 0-0 0-0 6. c3 d6 7. h3 Na5 8. Bb5 Bd7 9. Bxd7 Qxd7 10. Be3 c5 11. Nbd2 Nc6 12. d4 cxd4 13. cxd4 exd4 14. Bxd4 Nd8 15. Bxf6 Bxf6 16. Nc4 b6 17. e5 Be7 18. exd6 Bf6 19. Qd5 Rc8 20. Nce5 Qf5 21. Rac1 Rxc1 22. Rxc1 Ne6 23. g4 Qf4 24. Rc4 Qh6 25. d7 Nf4 26. Qe4 Nxh3+ 27. Kg2 Ng5 28. Nxg5 Qxg5 29. Rc8 1-0

[Event "Vrsar op"]
[Site "Vrsar"]
[Date "2023.04.29"]
[Round "7"]
[White "Sosic, Zvan"]
[Black "Usaj, Benjamin"]
[Result "1-0"]
[WhiteElo "1638"]
[BlackElo "1019"]
[PlyCount "87"]
[EventDate "2023.04.25"]
[EventType "swiss"]
[EventRounds "9"]
[EventCountry "CRO"]
[SourceTitle "CBM 214 Extra"]
[Source "ChessBase"]
[SourceDate "2023.07.31"]
[SourceVersion "1"]
[SourceVersionDate "2023.07.31"]
[SourceQuality "1"]

1. e4 e5 2. Nf3 Nc6 3. Bc4 Nf6 4. Ng5 d5 5. exd5 Nxd5 6. Nxf7 Kxf7 7. Qf3+ Qf6 8. Bxd5+ Be6 9. Bxc6 bxc6 10. Qxc6 Bd6 11. Nc3 Rhf8 12. Ne4 Qe7 13. 0-0 Kg8 14. d3 Bf5 15. Bg5 Qe6 16. Rae1 Bxe4 17. Qxe4 Qxa2 18. d4 exd4 19. Qxd4 Rad8 20. Bxd8 Rxd8 21. Qe3 Qxb2 22. Qe6+ Kf8 23. Re3 Qf6 24. Rf3 Qxf3 25. gxf3 Re8 26. Qd7 a5 27. Rd1 Ra8 28. Rd5 a4 29. Qe6 Be7 30. Rd7 Re8 31. Rxc7 a3 32. Ra7 h6 33. c4 g5 34. Qxh6+ Kg8 35. Qe6+ Kf8 36. c5 a2 37. Qxa2 Kg7 38. Qe6 Kf8 39. c6 g4 40. f4 g3 41. c7 gxh2+ 42. Kxh2 Bc5 43. Qxe8+ Kxe8 44. c8R# 1-0

[Event "CRO-ch U11"]
[Site "Trogir"]
[Date "2021.06.20"]
[Round "3"]
[White "Kucelj, Kevin"]
[Black "Sosic, Zvan"]
[Result "1-0"]
[WhiteElo "1383"]
[BlackElo "1065"]
[PlyCount "127"]
[EventDate "2021.06.19"]
[EventType "swiss"]
[EventRounds "9"]
[EventCountry "CRO"]
[SourceTitle "EXT 2022"]
[Source "ChessBase"]
[SourceDate "2021.10.06"]
[SourceVersion "1"]
[SourceVersionDate "2021.10.06"]
[SourceQuality "1"]

1. c4 c5 2. Nf3 b6 3. Nc3 Bb7 4. d3 h6 5. Bf4 d6 6. e4 e5 7. Be3 Nd7 8. g3 Be7 9. Bg2 Ngf6 10. h3 a6 11. 0-0 Qc7 12. Nh4 g6 13. Qd2 Ng8 14. Nf3 g5 15. g4 Ngf6 16. Nd5 Nxd5 17. cxd5 f6 18. Rac1 0-0-0 19. b4 Kb8 20. a4 h5 21. a5 b5 22. d4 c4 23. dxe5 dxe5 24. Rfd1 Qd6 25. Qe2 hxg4 26. hxg4 Qxb4 27. Bd2 Qd6 28. Rb1 Rc8 29. Bb4 Nc5 30. Qc2 Qd7 31. Nh2 Bd6 32. f3 Rh7 33. Nf1 Rch8 34. Ne3 Nd3 35. Bxd6+ Qxd6 36. Ra1 Nf4 37. Kf1 Qc5 38. Qc1 Nxg2 39. Nxg2 c3 40. Qc2 Qc4+ 41. Qe2 c2 42. Rdc1 Rh1+ 43. Kf2 Qxe2+ 44. Kxe2 R1h2 45. Kf2 Rc8 46. Ra2 b4 47. Raxc2 Rhh8 48. Rxc8+ Rxc8 49. Rxc8+ Bxc8 50. Ne3 Kc7 51. Ke2 Kd6 52. Nc4+ Kc7 53. Kd2 Bd7 54. Kc2 Bb5 55. Kb3 Kd7 56. Kxb4 Ke7 57. Kc5 Kd7 58. Nb6+ Kc7 59. d6+ Kd8 60. Nc4 Kc8 61. Nb6+ Kd8 62. d7 Be2 63. Kd6 Bb5 64. Ke6 1-0

[Event "CRO-ch U11"]
[Site "Trogir"]
[Date "2021.06.19"]
[Round "2"]
[White "Sosic, Zvan"]
[Black "Kaselic, Noa"]
[Result "1-0"]
[WhiteElo "1065"]
[BlackElo "1289"]
[PlyCount "69"]
[EventDate "2021.06.19"]
[EventType "swiss"]
[EventRounds "9"]
[EventCountry "CRO"]
[SourceTitle "EXT 2022"]
[Source "ChessBase"]
[SourceDate "2021.10.06"]
[SourceVersion "1"]
[SourceVersionDate "2021.10.06"]
[SourceQuality "1"]

1. e4 c5 2. Nf3 Nc6 3. Bb5 a6 4. Bxc6 dxc6 5. 0-0 Nf6 6. Nc3 e6 7. d3 Be7 8. b3 0-0 9. Bb2 Bd7 10. Ne5 Bd6 11. Nxd7 Qxd7 12. Ne2 e5 13. h3 h6 14. Ng3 Rad8 15. Nf5 Rfe8 16. Nxd6 Qxd6 17. Re1 b5 18. Ba3 Qd4 19. Rb1 b4 20. Bb2 Qd6 21. Re3 a5 22. Qe2 h5 23. Rg3 g6 24. h4 Re6 25. Qe3 Ng4 26. Qg5 a4 27. f3 a3 28. Ba1 Nf6 29. Qh6 c4 30. bxc4 Qc5+ 31. Kh2 Nh7 32. f4 g5 33. Qxh5 Rg6 34. Bxe5 gxf4 35. Rxg6+ 1-0

[Event "CRO-ch U11"]
[Site "Trogir"]
[Date "2020.08.24"]
[Round "2"]
[White "Sosic, Zvan"]
[Black "Bilic, Renato"]
[Result "0-1"]
[WhiteElo "1686"]
[BlackElo "1324"]
[PlyCount "66"]
[EventDate "2020.08.24"]
[EventType "swiss"]
[EventRounds "9"]
[EventCountry "CRO"]
[SourceTitle "CBM 198 Extra"]
[Source "ChessBase"]
[SourceDate "2020.11.30"]
[SourceVersion "1"]
[SourceVersionDate "2020.11.30"]
[SourceQuality "1"]

1. e4 e5 2. Nf3 Nc6 3. Bc4 Bc5 4. b4 Bb6 5. Bb2 d6 6. c3 Nf6 7. Ng5 0-0 8. a4 a6 9. a5 Ba7 10. d4 h6 11. d5 Nxa5 12. Nxf7 Rxf7 13. Rxa5 Nxe4 14. 0-0 Nxf2 15. Qe2 Nh3+ 16. Kh1 Rxf1+ 17. Qxf1 Nf2+ 18. Kg1 Nd3+ 19. Kh1 Nxb2 20. Be2 b5 21. Ra2 Na4 22. Bh5 Qf6 23. Qxf6 gxf6 24. Re2 Nb6 25. Re3 Nxd5 26. Rg3+ Kh7 27. Nd2 Nf4 28. Bf3 Rb8 29. Ne4 Bf5 30. Nxf6+ Kh8 31. h4 Bf2 32. Rg8+ Rxg8 33. Nxg8 Kxg8 0-1